| 000 | 00461cam a2200169 4500 | ||
|---|---|---|---|
| 008 | 000000n2000 000 0 eng u | ||
| 020 | _a0851424325 | ||
| 035 | _a(Sirsi) u104857 | ||
| 100 | _aPedley, P. | ||
| 245 | _aCopyright for library and information professionals. | ||
| 250 | _a2nd ed. | ||
| 260 |
_aLondon _bAslib _c2000 |
||
| 350 | _a11.00 | ||
| 650 | _aCOPYRIGHT | ||
| 690 | _aMANAGEMENT-BUSINESS MANAGEMENT-INFORMATION MANAGEMENT | ||
| 942 | _n0 | ||
| 999 |
_c100295 _d100295 |
||